banner-ar

كتاب الاسرار : (Record no. 45499)

MARC details
000 -الفاتح
حقل البيانات ثابتة الطول 00878nam a2200229Ia 4500
008 - عناصر البيانات ثابتة الطول - معلومات عامة
حقل البيانات ثابتة الطول 140319s9999 xx 000 0 ara d
040 ## - مصدر الفهرسة
وكالة الفهرسة الأصلية GCL /
وكالة النسخ GCL
082 04 - رقم تصنيف ديوى العشرى
رقم التصنيف 940.18
رقم المادة س ك
100 1# - المدخل الرئيسى - إسم شخصى
الإسم الشخصى سمير الخادم
245 10 - بيان العنوان
العنوان كتاب الاسرار :
بقية العنوان للمؤمنيين بالصليب فى استرجاع الارض المقدسة والحفاظ عليها /
بيان المسئوليه,etc سمير الخادم
700 1# - المدخل الاضافى - اسم شخصى
الإسم الشخصى سانوتو، مارينو
700 1# - المدخل الاضافى - اسم شخصى
الإسم الشخصى رونكاليا، بللغرينو
700 1# - المدخل الاضافى - اسم شخصى
الإسم الشخصى سليم رزق الله (ترجمة)
260 ## - PUBLICATION, DISTRIBUTION, ETC. (IMPRINT)
تاريخ النشر أو التوزيع 1991
300 ## - الوصف المادى
التعداد 333 ص ؛
أبعاد الوعاء 24 سم
490 ## - بيان السلسلة
عنوان السلسلة
650 04 - المدخل الاضافى بالموضوع-مصطلح موضوعى
مصطلح موضوعي الحروب الصليبية
650 04 - المدخل الاضافى بالموضوع-مصطلح موضوعى
مصطلح موضوعي المسيحية - تاريخ
650 04 - المدخل الاضافى بالموضوع-مصطلح موضوعى
مصطلح موضوعي الحملة الصليبية - تاريخ
942 ## - عناصر المدخل الإضافي( كوها)
مصدر التصنيف او مخطط الترفيف Dewey Decimal Classification
Koha [default] item type كتاب
260 ## - PUBLICATION, DISTRIBUTION, ETC. (IMPRINT)
-- بيروت :
-- مؤسسة دار الريحانى للطباعة والنشر ،
Holdings
حالة التراجع حالة الفقد حالة تلف ليس للاعارة المكان المؤقت الموقع الحالى تاريخ الاكتساب اجمالي اﻻعارات رقم الطلب الباركود تاريخ اخر مشاهدة تاريخ تفعيل السعر نوع وعاء كوها
        مكتبة القاهرة الكبرى مكتبة القاهرة الكبرى 03/26/2014   940.18\س ك 110978 03/26/2014 03/26/2014 كتاب
        مكتبة القاهرة الكبرى مكتبة القاهرة الكبرى 03/26/2014   940.18\س ك 110979 03/26/2014 03/26/2014 كتاب

Powered By

EGPV